Atrium sa snaží kresliť pravdu do priestoru

Bibliographic Details
Main Author: Petránsky, Ľudovít, 1943-2021 (Author)
Format: Article
Language:Slovak
PhysicalDescription:Fotogr.
ISSN:1335-1230
Subjects:

MARC

LEADER 00000nab a2200000 a 4500
001 vtls009341063
003 SK-MaSNL
005 20260303055603.0
008 140328c2008 xo zr|p|||||||000 b|slo
015 |a SNBRB2008/10  |2 snkbucl 
038 |a SNKBUCL 
040 |a SNKBUCL  |b slo  |c SNKBUCL  |e AACR2 
041 0 |a slo  |b eng 
044 |a xo  |c SK 
080 |a 72.022.82(437.6)  |2 2001 
080 |a 72:061.65(437.6)  |2 2001 
100 1 |a Petránsky, Ľudovít,  |d 1943-2021  |4 aut  |9 92780 
245 1 0 |a Atrium sa snaží kresliť pravdu do priestoru  |c Ľudo Petránsky 
300 |b Fotogr. 
500 |a (Michal Burák, Marek Bakalár, Ladislav Baran, Dušan Burák) 
546 |a Res. angl. 
610 2 7 |a Atrium (architektonické štúdio : Košice, Slovensko)  |x činnosť  |2 snkbucl  |9 1051166 
650 0 7 |a architektonické ateliéry  |2 snkbucl  |9 31801 
651 7 |a Košice (Slovensko)  |2 snkbucl  |9 18694 
773 0 |t ASB  |g Roč. XV, č. 8 (2008), s. 86-90  |x 1335-1230 
852 |a SNK  |b KIS3GCP 
958 |a SK 
999 |c 1728014  |d 1729944